000 01011nam0a22002651 4500
001 rc\183191
005 20250620222912.0
035 _a(NLR Aleph) 005441988
090 _a4767178
_c4767178
100 _a20030307d1996 |||y0rusy50 ca
101 0 _arus
_aeng
102 _aRU
105 _aa |||||||||
200 1 _aСтатистическое моделирование срочных финансовых операций
_eПрил.
_fС.С. Артемьев, И.Г. Михайличенко, И.Н. Синицын
_gРос. акад. наук. Сиб. отд-ние. ВЦ
210 _aНовосибирск
_cБ. и.
_d1996
215 _a[2], 204-279 с.
_cграф.
_d20
300 _aТекст на рус. и англ. яз.
700 1 _aАртемьев
_bС.С.
_gСергей Семенович
701 1 _aМихайличенко
_bИ.Г.
701 1 _aСиницын
_bИ.Н.
801 0 _aRU
_bNLR
_gpsbo
801 1 _aRU
_bELAR
_2rusmarc
852 _aNLR
_j97-4/14787
942 _cBOOK
980 _aNB